Hombre y Sociedad en la Edad Moderna y Contemporánea

Enregistré dans:
Détails bibliographiques
Format: Livre
Langue:Spanish
Publié: San José, Costa Rica La Mini 1990
Sujets:
Tags: Ajouter un tag
Pas de tags, Soyez le premier à ajouter un tag!

MARC

LEADER 00000nam a2200000Ia 4500
008 170316s9999 xx 000 0 spa d
040 |a cru BVZT 
090 |a 100 H-29.5h 
245 |a Hombre y Sociedad en la Edad Moderna y Contemporánea 
260 |a San José, Costa Rica 
260 |b La Mini 
260 |c 1990 
300 |a 199 páginas 
650 |a FILOSOFÍA 
650 |a HISTORIA 
650 |a HOMBRE Y SOCIEDAD - EDAD MODERNA 
650 |a HOMBRE Y SOCIEDAD - EDAD CONTEMPORÁNEA 
942 |c 15 D 
999 |c 15439  |d 15439